000 00290nam a2200121Ia 4500
100 _aMiller/ Starr
942 _cBK
654 _aoperation Research
245 _aExecutive Decisions & Operations Research
260 _bPrentice Hall of India
_c2001
082 _a658.4
546 _aENGLISH
999 _c20930
_d20930